00538nam a2200181Ia 450000500170000000800410001702000180005804100120007608200150008810000230010324500860012625000120021226000360022430000160026065000280027665000300030465000220033420260429112011.0260429s9999||||xx |||||||||||||| ||und|| a9781032741734 aEnglish a370.1bCAS aCasey, Zachary A.  0aCritical pedagogy and the trouble with consciousness raising / cZachary A. Casey a1st ed. aNew Delhi : bRoutledge,c2025. a148 p.; pbk a Educational philosophy a Social justice education aCritical pedagogy